000 00400nam a2200157Ia 4500
008 210210b1974 xxu||||| |||| 00| 0 eng d
020 _a0 1402 1782 7
082 _a951 FITC
100 _aFITZGERALD (C P).
245 _aConcise history of east asia.
260 _aEngland.
_bPenguin Books
_c1974
300 _a372
650 _aChina Japan Korea
690 _aAsian History
906 _aSG01071
999 _c112292
_d112292